Allgemeinwissen Teil5 - Statistiken

Allgemein
  • Dieses Quiz wurde 2.141 mal gespielt
    1.988 seit der letzten Aktualisierung
  • Das Durchschnittsergebnis liegt bei 12 aus 15
Antwortstatistiken
Hint Antwort % Korrekt
In welcher Farbe werden auf Landkarten üblicherweise Gewässer dargestellt? Blau
98%
Wie viele Beine hat eine Spinne? 8
97%
Wie viele Buchstaben hat das Alphabet? 26
96%
Welches Tier Miaut? Katze
96%
Wie heißt die größte deutsche (Einwohner) Stadt mit D? Düsseldorf
92%
Wie heißt der größte Planet im Unserem Sonnensystem? Jupiter
87%
Wie lautet die Basiseinheit der Zeit? Sekunde
86%
Wie heißt die größte deutsche (Einwohner) Stadt mit S? Stuttgart
84%
Wie heißt die größte deutsche (Einwohner) Stadt mit A? Augsburg
83%
Wer war der neunte Bundeskanzler von Deutschland? Olaf Scholz
83%
Was ist das Symbol von Chrom? Cr
82%
Bei −273,15 Grad Celsius liegt der sogenannte absolute _________ Nullpunkt
76%
Was fängt mit P an, ist essbar, ist keine Pflanze und ist kein Tier? Pilz
52%
Worum geht es im Chaos Computer Club? Hacken
27%
Wie lautet die zehnte Fibonacci-Zahl? 55
24%
Keine übereinstimmenden Quizze gefunden
Verteilung der Resultate
Anzahl Personen mit jedem Resultat
Perzentil nach korrekt beantworteten Fragen
Ihre Resultats-Entwicklung
Sie haben dieses Quiz seit der letzten Aktualisierung nicht gespielt